000 00306nam a22001337a 4500
008 170822b xxu||||| |||| 00| 0 eng d
020 _a9780130625601
041 _aeng
080 _a51
100 _a38
101 _aMAT
245 _aPRENTICE HALL MATHEMATICS GEOMETRY
_cBASS.L.E
942 _2udc
_cBK
999 _c24500
_d24500